Los Reyes Católicos : la Corona y la unidad de España /

Bibliographic Details
Main Author: Ladero Quesada, Miguel Ángel
Format: Book
Language:Spanish
Published: [Valencia?] : Asociación Francisco López de Gomara, [1989?]
Series:Corona y los pueblos americanos ; 1.
Subjects:

MARC

Tag First Indicator Second Indicator Subfields
LEADER 00000cam a2200000 a 4500
001 in00001248613
005 20151003083543.0
008 920512s1989 sp b b 000 0 spa
010 |a  92159066  
019 |a 25689397 
020 |a 8485861043 
035 |a (OCoLC)28067918 
035 |9 AGU8227AM 
040 |a DLC  |c DLC  |d TXA  |d UtOrBLW 
043 |a e-sp--- 
049 |a TXAM 
050 0 0 |a DP164  |b .L33 1989 
082 0 0 |a 946/.03  |2 20 
100 1 |a Ladero Quesada, Miguel Ángel. 
245 1 4 |a Los Reyes Católicos :  |b la Corona y la unidad de España /  |c Miguel Angel Ladero Quesada. 
264 1 |a [Valencia?] :  |b Asociación Francisco López de Gomara,  |c [1989?] 
300 |a 322 pages :  |b map ;  |c 24 cm. 
336 |a text  |b txt  |2 rdacontent 
337 |a unmediated  |b n  |2 rdamedia 
338 |a volume  |b nc  |2 rdacarrier 
490 1 |a La Corona y los pueblos americanos ;  |v 1 
500 |a Spine title: La Corona y la unidad de España. 
504 |a Includes bibliographical references (pages 312-322). 
651 0 |a Spain  |x History  |y Ferdinand and Isabella, 1479-1516. 
650 0 |a Monarchy  |z Spain. 
740 0 |a Corona y la unidad de España. 
830 0 |a Corona y los pueblos americanos ;  |v 1. 
999 |a MARS 
999 f f |s a75e1a42-6d45-3f0b-84f5-d9140a72bdc9  |i e897f857-35fd-3e70-b4a2-2c985942b8c9  |t 0 
952 f f |p ric  |a Texas A&M University  |b Rellis Campus  |c Joint Library Facility  |d Remote Storage  |t 0  |e DP164 .L33 1989  |h Library of Congress classification  |i unmediated -- volume  |m A14820320841 
998 f f |a DP164 .L33 1989  |t 0  |l Remote Storage